Statystyki dla Mapa Europy Quiz

Kliknij tutaj aby rozwiązać quiz!

Ogólne statystyki

  • Ten quiz został rozwiązany 1 914 razy
  • Średni wynik to 33 z 45

Odpowiedzi na mapie

Odpowiedzi skodowane kolorowo w zielono-czerwonej skali na mapie do tego quizu, zgodnie z poniższymi procentami.
 

Statystyki odpowiedzi

Odpowiedź% Poprawnych
Wielka brytania
91%
Hiszpania
90%
Portugalia
90%
Rosja
90%
Francja
89%
Niemcy
88%
Włochy
88%
Irlandia
87%
Islandia
87%
Polska
87%
Grecja
84%
Norwegia
84%
Ukraina
84%
Białoruś
83%
Czechy
82%
Finlandia
82%
Dania
81%
Estonia
81%
Litwa
80%
Łotwa
80%
Belgia
79%
Słowacja
79%
Szwecja
79%
Austria
75%
Holandia
73%
Watykan
73%
Szwajcaria
71%
Chorwacja
70%
Rumunia
70%
Malta
69%
Luksemburg
67%
Liechtenstein
65%
Monako
64%
Andora
63%
Mołdawia
63%
Węgry
63%
Bułgaria
62%
San Marino
61%
Bośnia i Hercegowina
60%
Serbia
60%
Albania
58%
Słowenia
58%
Kosowo
57%
Macedonia
51%
Czarnogóra
50%

Rozkład punktacji

Percentyl według liczby udzielonych odpowiedzi

Procent ludzi z każdym wynikiem

Twoja historia wyników

Nie rozwiązałeś tego quizu